000 00633nam a22001577a 4500
999 _c61501
_d61501
005 20240320115346.0
008 240320c2006 ge ||||| |||| 00| 0 geo d
020 _q15120880
041 _ageo
245 _aსაქართველოს ბიბლიოთეკა :
_b2006 /
_cრედ.: ალექსანდრე ლორია, გურამ თაყნიაშვილი.
260 _aთბილისი,
_c2000-
300 _aV.
653 _aბიბლიოთეკა
700 _aლორია, ალექსანდრე
_eრედქტორი.
_921487
942 _2udc
_cᲬᲘᲒᲜᲘ